000
00200 a2200097 4500
001
5079
100
_a
Kendall,J
245
_a
smith's inorganic chemistry
260
_a
_b
Bell
_c
090
_c
4225
_d
4225
942
_a
NUST-CAE
_c
M
_c
30518
999
_c
240152
_d
240152